Practical nonparametric statistics
Պահպանված է:
| Հիմնական հեղինակ: | |
|---|---|
| Ձևաչափ: | Գիրք |
| Լեզու: | անգլերեն |
| Հրապարակվել է: |
Nueva York
John Wiley
1980
|
| Հրատարակություն: | 2a. ed |
| Շարք: | Wiley series in probability and mathematical statistics
|
| Խորագրեր: | |
| Ցուցիչներ: |
Ավելացրեք ցուցիչ
Չկան պիտակներ, Եղեք առաջինը, ով նշում է այս գրառումը!
|
MARC
| LEADER | 00000nam a2200000 a 4500 | ||
|---|---|---|---|
| 001 | UCW1409 | ||
| 003 | CL-VaPUC | ||
| 008 | 920617e19800000US |||||||||||||||||eng|d | ||
| 082 | 0 | 4 | |a 519.53 |b CON |2 21 |
| 100 | 0 | |a Conover, W. J |e author |9 305350 | |
| 245 | 1 | 0 | |a Practical nonparametric statistics |
| 250 | |a 2a. ed | ||
| 300 | |a 493 p | ||
| 942 | |c BK | ||
| 945 | |d 19920617 00:00:00 | ||
| 260 | |a Nueva York |b John Wiley |c 1980 | ||
| 650 | 0 | |a Estadística no paramétrica |9 270089 | |
| 583 | |a last modification |c 20130911 07:48:36 |k Rodrigo Vera | ||
| 490 | 0 | |a Wiley series in probability and mathematical statistics | |
| 999 | |c 216299 |d 216297 | ||
| 952 | |0 0 |1 0 |4 0 |6 519_530000000000000_CON_1980 |7 0 |8 A |9 201899 |a BIBGIM |b BIBGIM |d 2019-11-14 |i 2691124 |o 519.53 CON 1980 |p 2691124 |r 2025-01-15 |w 2019-11-14 |y BK |k EST | ||
| 952 | |0 0 |1 0 |4 0 |6 519_530000000000000_CON_1980 |7 0 |8 A |9 201900 |a BIBGIM |b BIBGIM |d 2019-11-14 |i 2502240 |o 519.53 CON 1980 |p 2502240 |r 2025-01-15 |w 2019-11-14 |y BK |k EST | ||
| 952 | |0 0 |1 0 |4 0 |6 519_530000000000000_CON_1980 |7 0 |8 A |9 201901 |a BIBGIM |b BIBGIM |d 2019-11-14 |i 2502658 |o 519.53 CON 1980 |p 2502658 |r 2025-01-15 |w 2019-11-14 |y BK |k EST | ||
| 952 | |0 0 |1 2 |3 erd |4 0 |6 519_530000000000000_CON_1980 |7 0 |8 A |9 201902 |a BIBGIM |b BIBGIM |d 2019-11-14 |i 2501929 |o 519.53 CON 1980 |p 2501929 |r 2019-11-14 |w 2019-11-14 |y BK |k EST | ||